| 000 | 00927nas a22002417a 4500 | ||
|---|---|---|---|
| 005 | 20240305165407.0 | ||
| 007 | cr|||| |||| | ||
| 008 | 130315c19929999xxubr|p s|||| 0|||a1eng d | ||
| 022 | _a10729275 | ||
| 035 | _a7176 | ||
| 040 | _avLex | ||
| 090 |
_c3935 _d3935 |
||
| 245 | 0 | 0 |
_aCorrections Forum _h[Recurso electrónico] |
| 256 | _aServicio en línea | ||
| 260 |
_aHermosa Beach, CA : _bCriminal Justice Media, Inc., _c1992- |
||
| 300 | _a1 Recurso electrónico | ||
| 506 |
_dvLex Global _dvLex Global (Academic Edition, excluding Law Schools) _dvLex Global (U.S. Academic Edition, Law Schools) _dvLex Global (U.S. Academic Edition, excluding Law Schools) _dvLex Global (Academic Edition, Law Schools) |
||
| 650 | 0 | 4 |
_aDerecho tributario _vRevistas |
| 650 | 0 | 4 |
_aEconomía _vRevistas |
| 740 | _avLex Revistas (Servicio en línea) | ||
| 856 |
_aAcceso restringido _uhttp://www.vlex.com/source/7176 |
||
| 942 | _cRAA | ||
| 999 |
_c162313 _d162313 |
||